Digital signal processing : (Record no. 19066)
[ view plain ]
| 000 -LEADER | |
|---|---|
| fixed length control field | 01616cam a22003255a 4500 |
| 001 - CONTROL NUMBER | |
| control field | 18139266 |
| 005 - DATE AND TIME OF LATEST TRANSACTION | |
| control field | 20150921111050.0 |
| 008 - FIXED-LENGTH DATA ELEMENTS--GENERAL INFORMATION | |
| fixed length control field | 140505s2013 maua frb 001 0 eng d |
| 010 ## - LIBRARY OF CONGRESS CONTROL NUMBER | |
| LC control number | 2013454895 |
| 020 ## - INTERNATIONAL STANDARD BOOK NUMBER | |
| International Standard Book Number | 9780124158931 (hbk.) |
| 020 ## - INTERNATIONAL STANDARD BOOK NUMBER | |
| International Standard Book Number | 0124158935 (hbk.) |
| 020 ## - INTERNATIONAL STANDARD BOOK NUMBER | |
| International Standard Book Number | 9780124158931 |
| 035 ## - SYSTEM CONTROL NUMBER | |
| System control number | (OCoLC)ocn819519230 |
| 040 ## - CATALOGING SOURCE | |
| Original cataloging agency | UKMGB |
| Language of cataloging | eng |
| Transcribing agency | UKMGB |
| Modifying agency | OCLCO |
| -- | YDXCP |
| -- | BWX |
| -- | TZF |
| -- | CDX |
| -- | UOH |
| -- | UPM |
| -- | OCLCF |
| -- | DLC |
| -- | EG-ScBUE |
| 082 04 - DEWEY DECIMAL CLASSIFICATION NUMBER | |
| Classification number | 621.3822 |
| Item number | TAN |
| Edition number | 22 |
| 100 1# - MAIN ENTRY--PERSONAL NAME | |
| Personal name | Tan, Li, |
| Dates associated with a name | 1963- |
| 9 (RLIN) | 38430 |
| 245 10 - TITLE STATEMENT | |
| Title | Digital signal processing : |
| Remainder of title | fundamentals and applications / |
| Statement of responsibility, etc | Li Tan, Jean Jiang. |
| 250 ## - EDITION STATEMENT | |
| Edition statement | 2nd ed. |
| 260 ## - PUBLICATION, DISTRIBUTION, ETC. (IMPRINT) | |
| Place of publication, distribution, etc | Waltham ; |
| -- | Oxford : |
| Name of publisher, distributor, etc | Academic Press / Elsevier, |
| Date of publication, distribution, etc | 2013. |
| 300 ## - PHYSICAL DESCRIPTION | |
| Extent | xv, 876 p. : |
| Other physical details | ill. ; |
| Dimensions | 24 cm. |
| 500 ## - GENERAL NOTE | |
| General note | Index : p. 861-876. |
| 504 ## - BIBLIOGRAPHY, ETC. NOTE | |
| Bibliography, etc | Bibliography : p. 857-859. |
| 520 ## - SUMMARY, ETC. | |
| Summary, etc | "Bridging the gap between theory and application, this text covers all the main areas of modern DSP. Principles, applications, and hardware implementation issues are presented, and a wealth of worked examples and end of chapter exercises provide the opportunity for self-learning. Throughout the book emphasis is placed on applications to signal, image, and video processing, and real time implementation of DSP algorithms using DSP processors is highlighted."--Back Cover. |
| 650 #7 - SUBJECT ADDED ENTRY--TOPICAL TERM | |
| Topical term or geographic name as entry element | Signal processing |
| General subdivision | Digital techniques. |
| Source of heading or term | BUEsh |
| 9 (RLIN) | 23318 |
| 653 ## - INDEX TERM--UNCONTROLLED | |
| Resource For college | Engineering, Electrical |
| Arrived date list | March2015 |
| -- | June2015 |
| -- | September2015 |
| 700 1# - ADDED ENTRY--PERSONAL NAME | |
| Personal name | Jiang, Jean. |
| 906 ## - LOCAL DATA ELEMENT F, LDF (RLIN) | |
| a | 7 |
| b | cbc |
| c | copycat |
| d | 2 |
| e | ncip |
| f | 20 |
| g | y-gencatlg |
| 942 ## - ADDED ENTRY ELEMENTS (KOHA) | |
| Source of classification or shelving scheme | Dewey Decimal Classification |
| Call number prefix | 621.3822 TAN |
| Withdrawn status | Item status | Source of classification or shelving scheme | Damaged status | Not for loan | Vendor | Home library | Current library | Shelving location | Date acquired | Source of acquisition | Cost, normal purchase price | Total Checkouts | Full call number | Barcode | Date last seen | Cost, replacement price | Koha item type | Serial Enumeration / chronology | Total Renewals | Date last borrowed |
|---|---|---|---|---|---|---|---|---|---|---|---|---|---|---|---|---|---|---|---|---|
| Dewey Decimal Classification | Baccah | Central Library | Central Library | First floor | 18/03/2015 | 357.00 | 621.3822 TAN | 000037597 | 15/07/2025 | 446.25 | Book - Borrowing | |||||||||
| Dewey Decimal Classification | Alahram | Central Library | Central Library | First floor | 29/06/2015 | Purchase | 463.00 | 1 | 621.3822 TAN | 000039176 | 15/07/2025 | 578.75 | Book - Borrowing | 333 | 2 | 19/10/2017 |